| 000 | 00763nam a2200181 i 4500 | ||
|---|---|---|---|
| 001 | 156991 | ||
| 003 | ES-MaACL | ||
| 005 | 20230906210542.0 | ||
| 008 | 040805s1857 gw |||| |dger d | ||
| 040 |
_aCAM _bspa _cCAM |
||
| 100 | 1 |
_aLancizolle, Ludwig von. _9128651 |
|
| 245 | 1 | 0 |
_aUebersicht der wichtistgen Schriften von und über Goethe _b: nmit Rücksicht auf sein Leben / _cvon Ludwig von Lancizolle. |
| 260 |
_aBerlin : _bVerlag der Nikolaischen Buchhandlung, _c1857. |
||
| 300 |
_a55, [2] p., [1] h. pleg. ; _c22 cm. |
||
| 600 | 1 | 4 |
_aGoethe, Johann Wolfgang von, _d1749-1832- _xCrítica e interpretación _957571 |
| 852 |
_aES-MaACL _jT-864-F-4 _z- Enc. hol., conservando la cub. original _z- Enc. en un vol. facticio |
||
| 999 |
_c156991 _d156991 |
||